000 00983nam0a22002291i 4500
001 rc\895954
005 20240725223912.0
035 _a(NLR Aleph) 006072163
090 _a5012812
_c5012813
100 _a20041129d1983 u |0rusy50 ca
101 0 _arus
102 _aRU
105 _ay |||||||||
200 1 _aТекстообразующие функции кореферентных наименований материальных объектов в художественном тексте
_e(На материале произведений фр. лит.)
_eАвтореф. дис. на соиск. учен. степ. канд. филол. наук
_e(10.02.05)
210 _aМ.
_d1983
215 _a19 с.
300 _aВ надзаг.: Моск. обл. пед. ин-т им. Н.К. Крупской
700 1 _aМукаева
_bА.У.
_gАлия Уалихановна
801 0 _aRU
_bNLR
_gpsbo
801 1 _aRU
_bELAR
_2rusmarc
852 _aNLR
_j84-4/24710
942 _cBOOK